000 00589nam a2200181Ia 4500
008 090123s9999 xx 000 0 und d
082 _b40693
100 _aचांदोरकर स्वाती
245 _aसेलिब्रेशन
250 _a1
260 _bमेहता पब्लिशिंग हाऊस
_c2007
300 _a180
600 _aचांदोरकर स्वाती
630 _aसेलिब्रेशन
700 _aचांदोरकर स्वाती
730 _aसेलिब्रेशन
942 _cBOOK
999 _c78769
_d78769